Good English words & expressions

Bibliographic Details
Main Author: Nandy, Milon
Format: Book
Published: Shah Alam : Eddiplex , 2002
Subjects:

MARC

LEADER 00000cam a2200000 7i4500
001 0000027149
005 20161221.0
008 161212
020 |a 9838805432 
040 |a INS 
090 0 0 |a PE1112   |b N36 2002 
100 1 |a Nandy, Milon 
245 1 0 |a Good English words & expressions   |c Milon Nandy 
260 |a Shah Alam :   |b Eddiplex ,   |c 2002 
300 |a 406p. ;   |c 21 cm. 
650 0 |a English language   |x Grammar 
999 |a 0000022294   |b BOOK   |c Open Shelf   |e Default branch